Elektrické meranie /

Salvato in:
Dettagli Bibliografici
Autori principali: Bajcsy, Július (Autore), Gyárfáš, Juraj (Autore)
Natura: Libro
Lingua:slovacco
Pubblicazione: Bratislava : STU v Bratislave, 1983
Edizione:2.vyd.
Tags: Aggiungi Tag
Nessun Tag, puoi essere il primo ad aggiungerne!!

MARC

LEADER 00000nam a22000003a 4500
001 stu6947
005 20150617225805.8
008 940722s1983----cs------------------slo-d
040 |a STU  |b slo 
041 0 |a slo 
044 |a cs 
100 1 |a Bajcsy, Július  |4 aut  |u E190  |U FEI Fakulta elektrotechniky a informatiky  |T FEI Katedra merania  |U E190  |Y 66 
245 1 |a Elektrické meranie /  |c [aut.] Gyárfáš,Juraj; Bajcsy,Július 
250 |a 2.vyd. 
260 |a Bratislava :  |b STU v Bratislave,  |c 1983 
300 |a 252 s 
700 1 |a Gyárfáš, Juraj  |4 aut 
996 |b E51468  |c E*51468  |l EE01  |s A  |a 24  |w stu6947_0001